<?xml version="1.0" encoding="UTF-8"?><?xml-stylesheet type="text/xsl" href="static/style.xsl"?><OAI-PMH xmlns="http://www.openarchives.org/OAI/2.0/" xmlns:xsi="http://www.w3.org/2001/XMLSchema-instance" xsi:schemaLocation="http://www.openarchives.org/OAI/2.0/ http://www.openarchives.org/OAI/2.0/OAI-PMH.xsd"><responseDate>2026-04-17T12:20:47Z</responseDate><request verb="GetRecord" identifier="oai:riubu.ubu.es:10259/6082" metadataPrefix="marc">https://riubu.ubu.es/oai/request</request><GetRecord><record><header><identifier>oai:riubu.ubu.es:10259/6082</identifier><datestamp>2024-07-16T11:45:17Z</datestamp><setSpec>com_10259_9397</setSpec><setSpec>com_10259_5087</setSpec><setSpec>com_10259_2728</setSpec><setSpec>col_10259_9398</setSpec></header><metadata><record xmlns="http://www.loc.gov/MARC21/slim" xmlns:doc="http://www.lyncode.com/xoai" xmlns:xsi="http://www.w3.org/2001/XMLSchema-instance" xmlns:dcterms="http://purl.org/dc/terms/" xsi:schemaLocation="http://www.loc.gov/MARC21/slim http://www.loc.gov/standards/marcxml/schema/MARC21slim.xsd">
<leader>00925njm 22002777a 4500</leader>
<datafield tag="042" ind1=" " ind2=" ">
<subfield code="a">dc</subfield>
</datafield>
<datafield tag="720" ind1=" " ind2=" ">
<subfield code="a">Torres García, Patricia</subfield>
<subfield code="e">author</subfield>
</datafield>
<datafield tag="520" ind1=" " ind2=" ">
<subfield code="a">En este trabajo se evalúa la posibilidad de utilizar tecnologías limpias como son los procesos con membranas, para la extracción del ácido cítrico con niosomas y microfiltración de forma simultánea, utilizando una membrana cerámica tubular Filtanium (Tami) de microfiltración de TiO2 de 0,2 micras de tamaño de poro, con el fin de recuperel ácido cítrico presente en disoluciones acuosas diluidas a diferentes concentraciones y distintos volúmenes de fase dispersa de niosomas.</subfield>
</datafield>
<datafield tag="520" ind1=" " ind2=" ">
<subfield code="a">This study evaluates the possibility of using clean technologies such as membranes for the extraction of citric acid using a combined niosome extraction-microfiltration process, using a tubular microfiltration TiO2 ceramic membrane Filtanium (Tami) of 0.2 microns of pore size, in order to recover the of citric acid present in dilute aqueous solutions at several concentrations and different volumes of the niosomes’ dispersed phase.</subfield>
</datafield>
<datafield tag="024" ind2=" " ind1="8">
<subfield code="a">http://hdl.handle.net/10259/6082</subfield>
</datafield>
<datafield ind1=" " ind2=" " tag="653">
<subfield code="a">Citric acid</subfield>
</datafield>
<datafield ind1=" " ind2=" " tag="653">
<subfield code="a">Extraction</subfield>
</datafield>
<datafield ind1=" " ind2=" " tag="653">
<subfield code="a">Niosomes</subfield>
</datafield>
<datafield ind1=" " ind2=" " tag="653">
<subfield code="a">Span 80</subfield>
</datafield>
<datafield ind1=" " ind2=" " tag="653">
<subfield code="a">SDS</subfield>
</datafield>
<datafield ind1=" " ind2=" " tag="653">
<subfield code="a">Microfiltration</subfield>
</datafield>
<datafield ind1=" " ind2=" " tag="653">
<subfield code="a">Surfactants</subfield>
</datafield>
<datafield tag="245" ind1="0" ind2="0">
<subfield code="a">Extracción de ácido cítrico de disoluciones acuosas diluidas utilizando niosomas y microfiltración con membranas cerámicas</subfield>
</datafield>
</record></metadata></record></GetRecord></OAI-PMH>